<?xml version="1.0" encoding="UTF-8"?>
<record
    xmlns:xsi="http://www.w3.org/2001/XMLSchema-instance"
    xsi:schemaLocation="http://www.loc.gov/MARC21/slim http://www.loc.gov/standards/marcxml/schema/MARC21slim.xsd"
    xmlns="http://www.loc.gov/MARC21/slim">

  <leader>01927nam a2200541   4500</leader>
  <datafield tag="999" ind1=" " ind2=" ">
    <subfield code="c">23511</subfield>
    <subfield code="d">23511</subfield>
  </datafield>
  <controlfield tag="001">vtls012135418</controlfield>
  <controlfield tag="005">20221109101405.0</controlfield>
  <controlfield tag="008">220517s2022    xo obc g      000 1dslo  </controlfield>
  <datafield tag="020" ind1=" " ind2=" ">
    <subfield code="a">9788082033260</subfield>
    <subfield code="q">(bro&#x17E;ovan&#xE9;)</subfield>
  </datafield>
  <datafield tag="040" ind1=" " ind2=" ">
    <subfield code="a">SVKPO</subfield>
    <subfield code="b">slo</subfield>
    <subfield code="c">SVKPO</subfield>
    <subfield code="e">rda</subfield>
  </datafield>
  <datafield tag="041" ind1="0" ind2=" ">
    <subfield code="a">slo</subfield>
  </datafield>
  <datafield tag="044" ind1=" " ind2=" ">
    <subfield code="a">xo</subfield>
    <subfield code="c">SK</subfield>
  </datafield>
  <datafield tag="072" ind1=" " ind2="7">
    <subfield code="a">821.162.4-3</subfield>
    <subfield code="x">Slovensk&#xE1; pr&#xF3;za</subfield>
    <subfield code="2">konspekt</subfield>
  </datafield>
  <datafield tag="072" ind1=" " ind2="7">
    <subfield code="a">94(437.6)</subfield>
    <subfield code="x">Dejiny Slovenska</subfield>
    <subfield code="2">konspekt</subfield>
  </datafield>
  <datafield tag="080" ind1=" " ind2=" ">
    <subfield code="a">94(100)"1939/1945"</subfield>
    <subfield code="2">2001</subfield>
  </datafield>
  <datafield tag="080" ind1=" " ind2=" ">
    <subfield code="a">355.48(100)"1939/1945"</subfield>
    <subfield code="2">2001</subfield>
  </datafield>
  <datafield tag="080" ind1=" " ind2=" ">
    <subfield code="a">355.469.2</subfield>
    <subfield code="2">2011</subfield>
  </datafield>
  <datafield tag="080" ind1=" " ind2=" ">
    <subfield code="a">355:316.3</subfield>
    <subfield code="2">2011</subfield>
  </datafield>
  <datafield tag="080" ind1=" " ind2=" ">
    <subfield code="a">(437.6)</subfield>
    <subfield code="2">2011</subfield>
  </datafield>
  <datafield tag="080" ind1=" " ind2=" ">
    <subfield code="a">(0:82-94)</subfield>
    <subfield code="2">2011</subfield>
  </datafield>
  <datafield tag="080" ind1=" " ind2=" ">
    <subfield code="a">(0:82-96)</subfield>
    <subfield code="2">2011</subfield>
  </datafield>
  <datafield tag="080" ind1=" " ind2=" ">
    <subfield code="a">821.162.4-32</subfield>
    <subfield code="2">2011</subfield>
  </datafield>
  <datafield tag="100" ind1="1" ind2=" ">
    <subfield code="a">Hudec, Marek,</subfield>
    <subfield code="d">1990-</subfield>
    <subfield code="4">aut</subfield>
    <subfield code="9">3755</subfield>
  </datafield>
  <datafield tag="245" ind1="1" ind2="0">
    <subfield code="a">Uzol</subfield>
    <subfield code="b">vojnov&#xFD; pr&#xED;beh Nov&#xFD;ch Z&#xE1;mkov</subfield>
    <subfield code="c">Marek Hudec</subfield>
  </datafield>
  <datafield tag="246" ind1="3" ind2="0">
    <subfield code="a">Vojnov&#xFD; pr&#xED;beh Nov&#xFD;ch Z&#xE1;mkov</subfield>
  </datafield>
  <datafield tag="264" ind1=" " ind2="1">
    <subfield code="a">&#x17D;ilina</subfield>
    <subfield code="b">Absynt</subfield>
    <subfield code="c">2022</subfield>
  </datafield>
  <datafield tag="300" ind1=" " ind2=" ">
    <subfield code="a">197 str&#xE1;n</subfield>
    <subfield code="b">fotografie, mapy, pl&#xE1;ny, portr&#xE9;ty</subfield>
    <subfield code="c">21 cm</subfield>
  </datafield>
  <datafield tag="336" ind1=" " ind2=" ">
    <subfield code="a">text</subfield>
    <subfield code="b">txt</subfield>
    <subfield code="2">rdacontent</subfield>
  </datafield>
  <datafield tag="337" ind1=" " ind2=" ">
    <subfield code="a">bez m&#xE9;dia</subfield>
    <subfield code="b">n</subfield>
    <subfield code="2">rdamedia</subfield>
  </datafield>
  <datafield tag="338" ind1=" " ind2=" ">
    <subfield code="a">zv&#xE4;zok</subfield>
    <subfield code="b">nc</subfield>
    <subfield code="2">rdacarrier</subfield>
  </datafield>
  <datafield tag="648" ind1=" " ind2="7">
    <subfield code="a">20. storo&#x10D;ie</subfield>
    <subfield code="2">SNKPH</subfield>
    <subfield code="9">2073</subfield>
  </datafield>
  <datafield tag="648" ind1=" " ind2="7">
    <subfield code="a">20th century</subfield>
    <subfield code="2">SNKPHeng</subfield>
    <subfield code="9">2074</subfield>
  </datafield>
  <datafield tag="650" ind1="0" ind2="7">
    <subfield code="a">druh&#xE1; svetov&#xE1; vojna (1939-1945)</subfield>
    <subfield code="2">SNKPH</subfield>
    <subfield code="9">1735</subfield>
  </datafield>
  <datafield tag="650" ind1="0" ind2="7">
    <subfield code="a">bombardovanie</subfield>
    <subfield code="2">SNKPH</subfield>
    <subfield code="9">3756</subfield>
  </datafield>
  <datafield tag="650" ind1="0" ind2="7">
    <subfield code="a">vojna a spolo&#x10D;nos&#x165;</subfield>
    <subfield code="2">SNKPH</subfield>
    <subfield code="9">3757</subfield>
  </datafield>
  <datafield tag="650" ind1="0" ind2="7">
    <subfield code="a">World War (1939-1945)</subfield>
    <subfield code="2">SNKPHeng</subfield>
    <subfield code="9">1740</subfield>
  </datafield>
  <datafield tag="650" ind1="0" ind2="7">
    <subfield code="a">Bombardment</subfield>
    <subfield code="2">SNKPHeng</subfield>
    <subfield code="9">3758</subfield>
  </datafield>
  <datafield tag="650" ind1="0" ind2="7">
    <subfield code="a">War and society</subfield>
    <subfield code="2">SNKPHeng</subfield>
    <subfield code="9">3759</subfield>
  </datafield>
  <datafield tag="651" ind1=" " ind2="7">
    <subfield code="a">Nov&#xE9; Z&#xE1;mky (Slovensko)</subfield>
    <subfield code="x">dejiny</subfield>
    <subfield code="2">SNKPHgeo</subfield>
    <subfield code="9">3760</subfield>
  </datafield>
  <datafield tag="651" ind1=" " ind2="7">
    <subfield code="a">Nov&#xE9; Z&#xE1;mky (Slovakia)</subfield>
    <subfield code="x">history</subfield>
    <subfield code="2">SNKPHeng</subfield>
    <subfield code="9">3761</subfield>
  </datafield>
  <datafield tag="655" ind1=" " ind2="7">
    <subfield code="a">spomienky</subfield>
    <subfield code="2">SNKPH</subfield>
    <subfield code="9">3369</subfield>
  </datafield>
  <datafield tag="655" ind1=" " ind2="7">
    <subfield code="a">literat&#xFA;ra faktu</subfield>
    <subfield code="2">SNKPH</subfield>
    <subfield code="9">1757</subfield>
  </datafield>
  <datafield tag="655" ind1=" " ind2="7">
    <subfield code="a">slovensk&#xE9; pr&#xED;behy</subfield>
    <subfield code="2">SNKPH</subfield>
    <subfield code="9">1701</subfield>
  </datafield>
  <datafield tag="655" ind1=" " ind2="7">
    <subfield code="a">Reminiscences</subfield>
    <subfield code="2">SNKPHeng</subfield>
    <subfield code="9">2056</subfield>
  </datafield>
  <datafield tag="655" ind1=" " ind2="7">
    <subfield code="a">Non fiction</subfield>
    <subfield code="2">SNKPHeng</subfield>
    <subfield code="9">1758</subfield>
  </datafield>
  <datafield tag="655" ind1=" " ind2="7">
    <subfield code="a">Slovak stories</subfield>
    <subfield code="2">SNKPHeng</subfield>
    <subfield code="9">1702</subfield>
  </datafield>
  <datafield tag="952" ind1=" " ind2=" ">
    <subfield code="0">0</subfield>
    <subfield code="1">0</subfield>
    <subfield code="2">udc</subfield>
    <subfield code="4">0</subfield>
    <subfield code="7">0</subfield>
    <subfield code="8">K</subfield>
    <subfield code="a">10000</subfield>
    <subfield code="b">10000</subfield>
    <subfield code="d">2022-11-09</subfield>
    <subfield code="g">12.00</subfield>
    <subfield code="i">21841</subfield>
    <subfield code="o">B10624</subfield>
    <subfield code="p">B10624</subfield>
    <subfield code="r">2022-11-09</subfield>
    <subfield code="w">2022-11-09</subfield>
    <subfield code="y">KLDO</subfield>
  </datafield>
</record>
